[Event "Polugaevsky Memorial 2018"]
[Site "Samara"]
[Date "2018.07.17"]
[Round "8"]
[White "Mokshanov, Alexey"]
[Black "Dubinin, Alexander"]
[Result "1-0"]
[WhiteElo "2430"]
[BlackElo "2060"]
[Annotator "TA"]
[PlyCount "59"]
[EventDate "2018.07.10"]
[EventType "swiss"]
[EventCountry "RUS"]
[SourceTitle "playchess.com"]
[Source "ChessBase"]
[SourceQuality "1"]

{[%evp 14,59,-1,4,39,43,51,50,44,28,41,32,44,19,71,68,72,68,105,98,94,93,100,92,98,102,93,95,83,97,75,0,0,0,0,-8,-9,-15,8,8,11,8,8,14,460,460,997,997]} 1. e4 c5 2. Nf3 Nc6 3. Bb5 e6 4. Bxc6 bxc6 5. d3 Ne7 6. Qe2 d5 {B30: Sizilianisch (Rossolimo-Variante)} 7. c4 Ng6 8. h4 {[%cal Bh2h4,Bh4h5][%mdl 32] LiveBook: 5 Partien} Be7 $146 {[%cal Rg6h4] Die Stellung ist ausgeglichen.} ({Vorgänger:} 8... h5 9. e5 f6 10. Nc3 Be7 11. Bd2 Qc7 12. exf6 gxf6 13. O-O-O d4 14. Ne4 {1-0 (42) Fedorchuk,S (2648)-Moiseenko,A (2667) Riadh 2017}) 9. h5 Nh4 10. Nxh4 Bxh4 11. O-O O-O 12. Nc3 f5 13. e5 Ba6 (13... f4 $11) 14. b3 $16 Be7 15. Na4 f4 16. Qg4 Rf5 17. Bxf4 Qf8 18. Be3 Rxe5 {[#]} 19. Bxc5 $1 {[%mdl 512]} Rf5 (19... Bxc5 20. Nxc5) 20. Bxe7 Qxe7 21. Rae1 Raf8 22. f4 (22. h6 $16 {Txe6! ist eine echte Drohung.} g6 23. Qd4) 22... Qf6 $11 23. Qe2 Bc8 ({Bitte nicht} 23... Rxf4 $6 24. Rxf4 Qxf4 25. Qxe6+ Kh8 26. Qe3 $16) 24. g3 $36 {[%mdl 2048] Weiss kämpft um Vorteil.} Qh6 25. Kg2 e5 26. fxe5 {Und Txf5 würde nun gewinnen.} Rxh5 {( -> ...Th2+)} 27. Rxf8+ Kxf8 28. Qf3+ Kg8 $2 {[%mdl 8192] [#]} (28... Bf5 $1 $11) 29. e6 $1 $18 {[%cal Be5e6,Be6e7][%mdl 544]} Qg6 (29... Bxe6 $142 30. Rxe6 Rh2+ 31. Kg1 Qxe6 32. Kxh2 Qh6+ 33. Kg1 Qc1+ 34. Kf2 Qd2+ 35. Qe2 Qxe2+ 36. Kxe2 dxc4 37. dxc4 Kf8) 30. e7 {Precision: Weiß = 75%, Schwarz = 40%.} 1-0

[Event "Polugaevsky Memorial 2018"]
[Site "Samara"]
[Date "2018.07.17"]
[Round "8"]
[White "Kotlyar, Kirill"]
[Black "Velichko, Arseny"]
[Result "0-1"]
[WhiteElo "2407"]
[BlackElo "2177"]
[Annotator "ChessBase"]
[PlyCount "35"]
[EventDate "2018.07.10"]
[EventType "swiss"]
[EventCountry "RUS"]
[SourceTitle "playchess.com"]
[Source "ChessBase"]
[SourceQuality "1"]
[TimeControl "40/5400+30:1800+30"]

1. d4 {[%emt 0:00:00]} d5 {[%emt 0:00:00]} 2. Nf3 {[%emt 0:00:00]} Nf6 {[%emt 0:00:00]} 3. c4 {[%emt 0:00:00]} e6 {[%emt 0:00:14]} 4. Nc3 {[%emt 0:00:02]} c6 {[%emt 0:00:11]} 5. cxd5 {[%emt 0:01:51]} exd5 {[%emt 0:00:05]} 6. Qc2 {[%emt 0:00:09]} Be7 {[%emt 0:00:55]} 7. Bg5 {[%emt 0:01:46]} g6 {[%emt 0:00:35]} 8. e4 {[%emt 0:05:00]} Nxe4 {[%emt 0:15:39]} 9. Nxe4 {[%emt 0:01:28]} Bf5 {[%emt 0:00:56]} 10. Qb3 {[%emt 0:33:44]} Bxe4 {[%emt 0:04:31]} 11. Qxb7 {[%emt 0:00:29]} Bxg5 {[%emt 0:04:22]} 12. Nxg5 {[%emt 0:03:39]} Qxg5 {[%emt 0:00:43]} 13. Qxa8 {[%emt 0:02:37]} O-O {[%emt 0:00:18]} 14. Qxa7 {[%emt 0:09:23]} Re8 {[%emt 0:02:37]} 15. Kd1 {[%emt 0:06:04]} c5 {[%emt 0:27:06]} 16. Qa3 {[%emt 0:09:37]} Bxg2 {[%emt 0:01:51]} 17. Rg1 {[%emt 0:02:09]} Qg4+ {[%emt 0:01:59]} 18. Kc2 {[%emt 0:06:37]} 0-1

[Event "Polugaevsky Memorial 2018"]
[Site "Samara"]
[Date "2018.07.17"]
[Round "8"]
[White "Remizov, Yaroslav"]
[Black "Matinian, Nikita"]
[Result "1/2-1/2"]
[WhiteElo "2308"]
[BlackElo "2510"]
[Annotator "TA"]
[PlyCount "86"]
[EventDate "2018.07.10"]
[EventType "swiss"]
[EventCountry "RUS"]
[SourceTitle "playchess.com"]
[Source "ChessBase"]
[SourceQuality "1"]

{[%evp 19,86,11,0,-17,-16,-17,-22,-17,0,0,0,0,0,-29,-23,-8,6,-7,8,12,43,-18,-11,-20,-16,-22,-12,-42,-42,-35,46,0,0,0,129,126,175,171,157,175,175,183,170,95,122,119,123,-12,-12,-12,-12,-12,-12,-12,-12,-12,-11,-11,-11,-11,-11,-11,-11,-11,0,0,0,0,29988]} 1. e4 e5 2. Nf3 Nc6 3. Bc4 Nf6 4. Ng5 d5 5. exd5 Na5 6. Bb5+ c6 7. dxc6 bxc6 8. Bd3 Bd6 {C58: Zweispringerspiel (Klassisches System)} (8... Nd5 9. Nf3 Bd6 10. O-O O-O 11. Re1 f5 12. Nxe5 Qf6 13. Nf3 g5 14. g3 f4 15. Nc3 fxg3 16. hxg3 Nxc3 17. dxc3 {½-½ (52) Kovalev,V (2639)-Demchenko,A (2660) Riadh 2017}) 9. Nc3 Nd5 10. Nf3 O-O {LiveBook: 3 Partien} 11. O-O f5 {...e4 ist eine echte Drohung.} 12. Be2 e4 {Droht ...Sxc3 und aus.} 13. Ne1 Be6 $146 ({Vorgänger:} 13... Bb7 14. d3 Nxc3 15. bxc3 c5 16. dxe4 fxe4 {1-0 (45) Rydstrom,T (2318)-Kantane,A (2310) Stockholm 2016}) 14. d3 Nxc3 15. bxc3 Qf6 16. Bd2 Rad8 17. Qc1 Rd7 18. Rb1 c5 (18... exd3 {is more complex.} 19. Bxd3 Nc4 20. Bf4 Bxf4 21. Qxf4 g5) 19. g3 Nc6 ({Doch nicht} 19... Bxa2 $6 20. Ra1 $16) 20. f3 (20. Ng2 $14) 20... e3 $11 21. Bxe3 f4 22. Bxf4 Bxf4 23. Qxf4 Qxc3 24. Qc1 Nd4 ({Besser ist} 24... Bxa2 $15 25. Ra1 Re7 26. Rxa2 Rxe2) 25. Bd1 Bh3 {Und weiter mit ...Te7 wäre nett.} ({Natürlich nicht} 25... Bxa2 $6 26. Qb2 $16) 26. Ng2 Re7 {[#]} (26... Re8 $1 $11) 27. Qb2 $1 $16 {[%cal Rb2c3]} Qa5 28. c3 Bxg2 29. Kxg2 Nf5 {und wenn ...Se3+ ginge, stände Schwarz gut.} 30. Re1 Ne3+ 31. Kf2 (31. Kg1 $18) 31... Rfe8 32. Qd2 c4 33. dxc4 (33. Kg1 $16) 33... Rd8 $36 {[%mdl 2048] Die Stellung ist ausgeglichen. Schwarz kämpft um Vorteil.} 34. Qxd8+ Qxd8 35. Rxe3 Qd2+ 36. Re2 Rxe2+ 37. Bxe2 Qxa2 {[%mdl 4096] Endspiel KD-KTL} 38. Rb8+ Kf7 39. Rb7+ Kf6 40. c5 $1 {[%cal Bc4c5,Bc5c6,Bc6c7][%mdl 32]} Qa5 41. c6 $1 Qxc3 42. c7 Qc5+ 43. Kg2 Ke5 $2 {[%mdl 40960] Precision: Weiß = 59%, Schwarz = 48%. . An unexpected result.} (43... a5 $11) 1/2-1/2

[Event "Polugaevsky Memorial 2018"]
[Site "Samara"]
[Date "2018.07.17"]
[Round "8"]
[White "Fedorov, Alexey A"]
[Black "Lugovskoy, Maxim"]
[Result "0-1"]
[WhiteElo "1399"]
[BlackElo "2391"]
[Annotator "NA"]
[PlyCount "46"]
[EventDate "2018.07.10"]
[EventType "swiss"]
[EventCountry "RUS"]
[SourceTitle "playchess.com"]
[Source "ChessBase"]
[SourceQuality "1"]
[TimeControl "40/5400+30:1800+30"]

1. e4 {[%emt 0:00:00]} e6 {[%emt 0:00:00]} 2. d4 {[%emt 0:00:00]} d5 {[%emt 0:00:00]} 3. Nc3 {[%emt 0:00:00]} Bb4 {[%emt 0:00:00]} 4. Nge2 {[%emt 0:00:37]} dxe4 {[%emt 0:02:02]} 5. a3 {[%emt 0:00:25]} Be7 {[%emt 0:01:36]} 6. g4 {[%emt 0:00:44] C15: French: 3 Nc3 Bb4: Unusual White 4th moves} (6. Nxe4 Nf6 7. Nxf6+ Bxf6 8. Be3 O-O 9. Qd2 b6 10. O-O-O Bb7 11. h4 Nd7 12. Nf4 Be7 13. h5 Nf6 14. f3 Qc8 15. Qf2 Rd8 {0-1 (33) Jobava,B (2703)-Ivanchuk,V (2757) Leuven 2017}) 6... Bd7 {[%emt 0:02:15]} 7. Rg1 {[%emt 0:03:00]} Bc6 {[%emt 0:01:22]} 8. g5 {[%emt 0:03:54]} Bd6 $146 {[%emt 0:02:41]} ({Predecessor:} 8... Nd7 9. Bf4 Nb6 10. Be5 Bf8 11. Nf4 Nd7 12. Qh5 Nxe5 13. dxe5 g6 {0-1 (37) Tuncer,U (2289)-Vavrak,P (2466) Austria 2011}) 9. Bf4 {[%emt 0:05:31]} (9. Bg2 $11) 9... Ne7 {[%emt 0:03:06]} 10. Qd2 {[%emt 0:00:28]} Nd7 {[%emt 0:06:30]} 11. O-O-O {[%emt 0:09:05]} Nb6 {[%emt 0:00:12]} 12. Ng3 {[%emt 0:01:18]} Bxf4 {[%emt 0:04:27]} 13. Qxf4 {[%emt 0:00:05]} Ned5 {[%emt 0:00:57]} 14. Nxd5 {[%emt 0:25:18]} Qxd5 {[%emt 0:11:33]} 15. Kb1 {[%emt 0:06:43]} O-O-O {[%emt 0:09:46]} 16. Qxf7 {[%emt 0:04:52]} Rhf8 {[%emt 0:03:35]} 17. Qxg7 {[%emt 0:00:28]} Rxf2 {[%emt 0:01:08]} 18. Qxh7 $2 {[%emt 0:03:42]} (18. Rg2 $15 Rff8 19. h4 (19. Qxh7 Qxg5 20. Nxe4 Qf5 $15)) 18... Rxc2 {[%emt 0:08:39]} 19. Kxc2 {[%emt 0:01:07]} Qa2 {[%emt 0:00:03]} 20. Be2 {[%emt 0:13:16]} ({But not} 20. Nxe4 $2 Ba4+ 21. Kd2 Qxb2+ 22. Ke1 Bxd1 $19) 20... Ba4+ {[%emt 0:02:32]} 21. Kd2 $19 {[%emt 0:01:52]} Qxb2+ {[%emt 0:01:25]} 22. Ke3 {[%emt 0:04:06]} Rf8 {[%emt 0:04:59]} 23. Rgf1 {[%emt 0:03:24]} Qc3+ {[%emt 0:02:12]} 0-1

[Event "Polugaevsky Memorial 2018"]
[Site "Samara"]
[Date "2018.07.18"]
[Round "9"]
[White "Shaposhnikov, Evgeny"]
[Black "Gaifullin, Artur"]
[Result "1/2-1/2"]
[WhiteElo "2572"]
[BlackElo "2448"]
[Annotator "TA"]
[PlyCount "93"]
[EventDate "2018.07.10"]
[EventType "swiss"]
[EventCountry "RUS"]
[SourceTitle "playchess.com"]
[Source "ChessBase"]
[SourceQuality "1"]

{[%evp 18,93,0,-14,0,-18,10,0,24,24,24,22,25,22,15,16,27,27,29,29,33,26,33,0,88,90,93,68,93,0,6,6,6,6,6,7,77,81,77,76,56,30,111,54,90,75,80,62,62,62,79,81,76,88,79,55,56,56,62,17,97,97,97,97,108,95,108,100,95,62,62,62,62,62,62,62,62,62]} 1. c4 e6 2. Nc3 Nf6 3. Nf3 d5 4. d4 Bb4 5. e3 O-O 6. Bd2 b6 7. Bd3 dxc4 8. Bxc4 Bb7 9. O-O Nbd7 10. Rc1 {LiveBook: 5 Games} a6 {E52: Nimzo-Indian: Rubinstein: 4...0-0 5 Nf3 d5 6 Bd3 b6} (10... c5 11. a3 Bxc3 12. Bxc3 Ne4 13. Qe2 Nxc3 14. Rxc3 a6 15. dxc5 Nxc5 16. Rd1 Qf6 17. Rc2 Rfd8 18. Rcd2 {½-½ (31) Laylo,D (2504)-Paragua,M (2523) Manila 2008}) 11. Qe2 c5 12. a3 cxd4 {Hoping for ...Bxf3.The position is equal.} 13. axb4 $146 ({Predecessor:} 13. Nxd4 Bd6 14. f4 b5 15. Bxe6 fxe6 16. Nxe6 Qe7 17. Nxf8 Rxf8 18. Rfe1 Re8 {0-1 (29) Vetter,U (2006)-Kohl,K DESC email 2001}) 13... Bxf3 14. gxf3 ({Much worse is} 14. Qxf3 Ne5 $15) 14... dxc3 15. Bxc3 b5 16. Bb3 Nd5 17. Bxd5 Qg5+ 18. Kh1 Qxd5 19. Rfd1 Qb7 20. e4 e5 (20... Rfe8 $11 {keeps the balance.}) 21. Qd3 $16 Ra7 22. Qd6 Re8 {[#]} 23. Bd2 ({Better is} 23. Bxe5 $1 $16 {[%mdl 512]} Nxe5 24. Qxe5 $1 {[%mdl 512]}) 23... Re6 $36 {[%mdl 2048] Black is pushing.} 24. Qd5 Nf6 25. Qd8+ Re8 26. Be3 Qa8 (26... Ra8 $11 27. Qc7 Qxc7 28. Rxc7 Re6) 27. Qxa8 $16 Raxa8 28. Rd6 Red8 29. Rdc6 Ne8 {[#]} (29... h6 $11) 30. Bb6 (30. Ra1 $1 $16) 30... Rdb8 31. Ra1 f6 32. Bc5 Kf7 33. Kg2 Rb7 34. Rcxa6 Rxa6 35. Rxa6 {[%mdl 4096] Endgame KRB-KRN} Nc7 36. Rc6 Ne6 37. Be3 g5 38. Kg3 Ng7 (38... Rd7 $11 {remains equal.}) 39. h4 h6 40. Kg4 Rb8 41. Ra6 Rb7 42. Ra8 Kg6 43. Rc8 Nh5 {White is slightly better.} 44. Rg8+ Kh7 45. Rd8 Kg6 $1 46. Rd6 {Black must now prevent hxg5.} Nf4 47. Bxf4 {Precision: White = 59%, Black = 54%.} 1/2-1/2

[Event "Polugaevsky Memorial 2018"]
[Site "Samara"]
[Date "2018.07.18"]
[Round "9"]
[White "Matinian, Nikita"]
[Black "Drygalov, Andrey"]
[Result "1/2-1/2"]
[WhiteElo "2510"]
[BlackElo "2439"]
[Annotator "TA"]
[PlyCount "102"]
[EventDate "2018.07.10"]
[EventType "swiss"]
[EventCountry "RUS"]
[SourceTitle "playchess.com"]
[Source "ChessBase"]
[SourceQuality "1"]

{[%evp 26,102,16,7,22,0,23,2,16,13,58,-4,0,0,0,4,35,0,0,0,0,-9,0,-11,-7,-25,0,0,0,0,0,-18,-19,-20,-21,-26,-28,-83,-42,-125,-64,-116,-115,-144,-88,-75,-59,-86,-54,-193,-79,-95,-96,-127,-119,-113,-107,-140,-140,-140,-140,-124,-94,-153,-141,-230,-229,-232,-232,-229,-75,-62,-67,-211,-185,-185,0,0,0]} 1. e4 {Stohl,I} e5 2. Nf3 Nc6 3. Bb5 a6 4. Ba4 Nf6 5. O-O Be7 6. d3 b5 7. Bb3 d6 8. a4 b4 9. Nbd2 O-O 10. a5 Be6 {C84: Closed Ruy Lopez: Unusual White 6th moves} (10... Rb8 11. Re1 Be6 12. Bxe6 fxe6 13. Nb3 Qc8 14. Qe2 Nd8 15. d4 exd4 16. Nbxd4 c5 17. Nb3 e5 18. Nbd2 Ne6 19. Nc4 Nd4 20. Nxd4 cxd4 {½-½ (43) Caruana,F (2807)-Carlsen,M (2822) Saint Louis 2017}) 11. Nc4 Rb8 12. Be3 Qc8 13. h3 h6 14. Nfd2 {LiveBook: 7 Games} Rd8 15. Qe2 Qb7 16. Ba4 Nd7 17. c3 {[#]} Nf8 $146 ({Predecessor:} 17... d5 18. exd5 Bxd5 {1-0 (35) Nepomniachtchi,I (2656)-Melkumyan,H (2582) Rijeka 2010 CBM 136 [Stohl,I]}) 18. Rfc1 ({Better is} 18. d4 $14 exd4 19. cxd4) 18... bxc3 19. bxc3 Ng6 20. d4 d5 21. Rab1 Qa8 22. Rxb8 Rxb8 23. exd5 Bxd5 24. Qg4 exd4 25. cxd4 Rb4 26. Bc2 Qe8 ({Of course not} 26... Bxc4 $6 27. Bxg6 fxg6 28. Nxc4 $16) 27. Be4 Rb5 28. Bxd5 Rxd5 29. Nf3 Bb4 30. Nce5 Ncxe5 31. dxe5 (31. Nxe5 $11 Nxe5 32. dxe5 Bxa5 33. Bxh6 Qxe5 34. Bf4) 31... Bxa5 32. Qe4 {[#]} (32. Qc4 $1 $15 Qe6 33. Nd4 Qxe5 34. Nc6) 32... Qd7 (32... Qe6 $1 $17 {[%cal Rg6e5]} 33. Rc5 Rxc5 34. Bxc5 Bc3) 33. Kh2 (33. Rb1 $15) 33... Bb6 34. Rc3 Bxe3 (34... a5 $142 35. Rb3 a4) 35. Rxe3 $17 Qe6 36. h4 c5 37. Rb3 {[#]} (37. g3 $15) 37... Rd8 (37... f5 $1 $19 {[%cal Rf5e4]} 38. Qe1 Nxe5 39. Nxe5 Rxe5) 38. Rc3 Qd5 $36 {[%mdl 2048] White is under strong pressure.} 39. Qe3 c4 40. h5 Nf8 41. Qb6 Ne6 42. Qxa6 Nd4 {White must now prevent ...Nxf3+.} 43. Qa1 Nb5 44. Re3 (44. Rc1 $142) 44... c3 {aiming for ...c2.} 45. Rxc3 (45. Qa4 $17) 45... Nxc3 $19 46. Qxc3 $17 {[%mdl 4096] Endgame KQR-KQN} Qe4 47. Qc7 Rd3 $2 (47... Rd1 $19 {and Black stays clearly on top. Threatens to win with ...Qf4+.} 48. Qb8+ Kh7) 48. Qc8+ Kh7 49. Qh3 (49. Qc2 $15) 49... Rd1 50. Kg3 Rf1 $2 ({Black should try} 50... Rb1 $19 {And now ...Rb3 would win.} 51. Qd7 Rb7) 51. Qd7 $11 Qc2 {Precision: White = 26%, Black = 38%.} 1/2-1/2

[Event "Polugaevsky Memorial 2018"]
[Site "Samara"]
[Date "2018.07.18"]
[Round "9"]
[White "Fakhrutdinov, Timur"]
[Black "Gabrielian, Artur"]
[Result "1/2-1/2"]
[WhiteElo "2460"]
[BlackElo "2518"]
[Annotator "TA"]
[PlyCount "120"]
[EventDate "2018.07.10"]
[EventType "swiss"]
[EventCountry "RUS"]
[SourceTitle "playchess.com"]
[Source "ChessBase"]
[SourceQuality "1"]

{[%evp 22,120,56,37,69,53,76,45,92,0,0,0,6,16,12,3,5,-8,17,0,0,0,31,0,0,0,48,39,39,39,34,36,37,31,52,33,49,51,45,31,52,52,52,54,54,54,63,49,85,84,93,22,22,22,22,29,35,35,39,22,57,57,59,68,84,58,65,65,117,117,117,102,102,102,102,102,102,102,102,68,68,68,68,0,0,0,0,0,0,0,0,0,0,0,0,0,0,0,0,0,29981]} 1. e4 d6 2. d4 Nf6 3. Nc3 g6 4. f4 Bg7 5. Nf3 O-O 6. Bd3 Na6 7. O-O c5 8. d5 Bg4 9. Bc4 Nc7 10. h3 Bxf3 11. Qxf3 a6 {B09: Pirc-Ufimzew-Verteidigung (Dreibauernangriff)} (11... Nd7 12. a4 a6 13. Qd3 Nb6 14. Bb3 Rc8 15. Nd1 e6 16. dxe6 Nxe6 17. Bxe6 fxe6 18. Nf2 c4 19. Qd1 Qc7 20. c3 Nd7 {½-½ (40) Yu,Y (2738)-Mamedyarov,S (2750) China 2016}) 12. a4 {LiveBook: 59 Partien} Nh5 13. g4 Nf6 $1 {Weiß steht etwas besser.} 14. Be3 $146 ({Vorgänger:} 14. Kg2 Nd7 15. Bd2 Rb8 16. a5 b5 17. axb6 Nxb6 18. Bd3 c4 19. Be2 {1-0 (40) Williams,J-Parente,A (1564) ICCF email 2011}) 14... Nd7 15. Rad1 (15. Qe2 $16) 15... b5 $11 16. axb5 axb5 17. Nxb5 Bxb2 18. Rb1 Bg7 19. Bf2 Ra4 20. Bb3 Ra5 21. Bc4 Ra4 22. Bb3 Ra5 23. Bc4 {[%cal Bb3c4,Bc4b5,Bb5c6][%mdl 32]} Nf6 24. Be1 Ra4 25. Qb3 Ra8 26. Qd3 Nxb5 27. Bxb5 Qc7 28. Bc6 Rfb8 29. Bg3 Rxb1 30. Rxb1 Rb8 31. Rxb8+ Qxb8 32. e5 Qa7 33. Kg2 Nd7 {[%cal Rd6e5]} 34. Qe4 Qc7 35. e6 Nf8 36. Be8 (36. f5 $16) 36... fxe6 37. dxe6 Qa5 38. Be1 Qa1 39. Bc6 $36 {[%mdl 2048] Weiss drückt.} Bc3 40. Bf2 Bd4 41. Bxd4 cxd4 42. f5 {[#] Und weiter mit f6! wäre nett.} d3 43. Qxd3 Qe5 44. Qe4 {zielt auf Dxe5 ab.} Qxe4+ (44... Qg7 $14) 45. Bxe4 $14 {[%mdl 4096] Endspiel KL-KS} g5 46. f6 Nxe6 47. fxe7 Kf7 48. Bxh7 Kxe7 49. Kf3 d5 50. Bf5 Nd4+ 51. Ke3 Nc6 52. h4 (52. Bd3 $14) 52... gxh4 $11 {Die Stellung ist ausgeglichen.} 53. g5 Kf7 54. Kf4 {[#] Kg4 ist eine echte Drohung.} Nd4 55. Bd3 {Droht Kg4 und aus.} h3 {Droht stark ...h2.} 56. Kg3 Ne6 $1 57. g6+ Kf6 58. Kxh3 Nf4+ 59. Kg4 Nxg6 60. Bxg6 Ke5 $2 {[%mdl 40960] Precision: Weiß = 53%, Schwarz = 70%. . An unexpected result.} (60... Kxg6 $11 61. Kf3 Kf5) 1/2-1/2

[Event "Polugaevsky Memorial 2018"]
[Site "Samara"]
[Date "2018.07.18"]
[Round "9"]
[White "Kopylov, Alexander A"]
[Black "Tugarin, Anton"]
[Result "1-0"]
[WhiteElo "2431"]
[BlackElo "2248"]
[Annotator "ChessBase"]
[PlyCount "39"]
[EventDate "2018.07.10"]
[EventType "swiss"]
[EventCountry "RUS"]
[SourceTitle "playchess.com"]
[Source "ChessBase"]
[SourceQuality "1"]
[TimeControl "40/5400+30:1800+30"]

1. d4 {[%emt 0:17:04]} d5 {[%emt 0:01:45]} 2. c4 {[%emt 0:00:06]} c6 {[%emt 0:00:14]} 3. Nf3 {[%emt 0:00:04]} Nf6 {[%emt 0:01:42]} 4. e3 {[%emt 0:00:40]} Bf5 {[%emt 0:00:14]} 5. Nc3 {[%emt 0:00:04]} a6 {[%emt 0:00:13]} 6. Bd3 {[%emt 0:08:12]} Bxd3 {[%emt 0:00:21]} 7. Qxd3 {[%emt 0:00:02]} e6 {[%emt 0:00:20]} 8. O-O {[%emt 0:00:10]} Bb4 {[%emt 0:00:55]} 9. Bd2 {[%emt 0:03:59]} O-O {[%emt 0:03:13]} 10. Rfc1 {[%emt 0:09:06]} Nbd7 {[%emt 0:07:49]} 11. Nxd5 {[%emt 0:01:37]} Nxd5 {[%emt 0:00:11]} 12. cxd5 {[%emt 0:00:02]} Bxd2 {[%emt 0:00:11]} 13. Nxd2 {[%emt 0:00:08]} cxd5 {[%emt 0:06:16]} 14. Rc2 {[%emt 0:07:06]} Rc8 {[%emt 0:04:29]} 15. Rac1 {[%emt 0:00:49]} Rxc2 {[%emt 0:03:07]} 16. Rxc2 {[%emt 0:11:41]} Qb8 {[%emt 0:02:55]} 17. Qc3 {[%emt 0:00:29]} Nb6 {[%emt 0:03:16]} 18. Qa5 {[%emt 0:00:10]} Qd6 {[%emt 0:03:12]} 19. Rc3 {[%emt 0:01:35]} Rc8 {[%emt 0:05:09]} 20. Qxb6 {[%emt 0:00:47]} 1-0

[Event "Polugaevsky Memorial 2018"]
[Site "Samara"]
[Date "2018.07.18"]
[Round "9"]
[White "Mokshanov, Alexey"]
[Black "Burmakin, Vladimir"]
[Result "1-0"]
[WhiteElo "2430"]
[BlackElo "2490"]
[Annotator "TA"]
[PlyCount "111"]
[EventDate "2018.07.10"]
[EventType "swiss"]
[EventCountry "RUS"]
[SourceTitle "playchess.com"]
[Source "ChessBase"]
[SourceQuality "1"]

{[%evp 15,111,25,39,34,46,35,41,7,9,6,20,11,28,14,14,14,18,16,26,0,0,-22,-8,-28,-27,-18,-20,-42,-21,-49,-44,-31,-38,-62,-60,-62,-51,-128,-53,-65,-55,-69,-70,-74,-63,-102,-103,-201,-179,-196,-196,-223,-216,-217,-227,-331,-327,-310,-300,-288,-291,-287,-280,-239,-264,-287,-290,-290,-287,-288,-279,-268,-245,-281,-275,-316,-306,-321,-315,-341,-277,-316,0,-314,-212,-199,-143,-92,127,87,87,87,94,94,643,629,845,821]} 1. e4 c6 2. d4 d5 3. e5 Bf5 4. Nf3 e6 5. Be2 Ne7 6. O-O h6 7. Nbd2 {B12: Caro-Kann: Advance Variation} Bh7 (7... Nd7 8. Nb3 Bg6 9. a4 a5 10. c3 Nf5 11. Ne1 Be7 12. Nd3 O-O 13. f4 b6 14. g4 Nh4 {1-0 (41) Rodshtein,M (2678)-Riazantsev,A (2662) Sochi 2018}) 8. Nb3 Ng6 {LiveBook: 6 Games} 9. a4 {White is slightly better.} Be7 10. a5 O-O 11. c4 dxc4 $146 ({Predecessor:} 11... Na6 12. cxd5 cxd5 13. Bxa6 bxa6 14. Qe2 Rb8 {½-½ (26) Grinberg,E (2387)-Burmakin,V (2571) Pardubice 2015}) 12. Bxc4 Na6 13. Bd2 Nc7 14. Bd3 Nh4 15. Bxh7+ Kxh7 16. Nxh4 Bxh4 17. Bb4 Be7 18. Bc5 Nd5 19. Qc2+ Kg8 20. Rfd1 b6 21. Bxe7 Nxe7 22. axb6 axb6 23. Rxa8 Qxa8 24. Nd2 Rd8 25. Nf3 Qa2 26. Rd3 {[#]} (26. h3 $15) 26... Ra8 (26... c5 $1 $17 {[%mdl 512]} 27. h3 (27. dxc5 Qa1+) 27... Qd5) 27. h3 Qa1+ 28. Rd1 Qa4 29. b3 Qa2 30. Qc4 Qb2 31. Qf1 {[#]} (31. Qd3 $17 {is a better defense.}) 31... Ra2 $1 $19 32. Rb1 Qc2 33. Rc1 Qxb3 34. Rb1 Rb2 35. Rxb2 (35. Rc1 $142) 35... Qxb2 36. Qa6 Qc1+ 37. Kh2 Qf4+ 38. Kg1 {[#]} b5 $1 39. Qa8+ Kh7 40. Qe8 Nd5 41. Qxc6 b4 42. Qc2+ g6 43. Kf1 Kg7 44. Qb1 g5 45. Qc2 g4 46. hxg4 Qxg4 47. Qd1 Qe4 48. Qb3 Qg4 49. Qd1 $1 {and the idea g3 leaves White hopeful.} Qh5 50. Qb1 Nf4 ({Don't take} 50... Qh1+ 51. Ng1 $17) (50... Kg8 $19 51. Ng1 Kg7) 51. Qe4 $17 b3 $2 (51... Qh1+ $17 52. Ng1 Qh5) 52. Qxf4 $16 {And now Qe3 would win.} b2 53. Qe4 Qh1+ 54. Ng1 Qh5 $2 {[%mdl 8192]} (54... Qh4 $16 55. f4 (55. Qxh4 b1=Q+ 56. Ke2 Qxg1 $16) 55... Qe7) 55. Qb1 $18 Qg4 56. Nf3 {Precision: White = 45%, Black = 60%.} 1-0